Introduction to practical rubber compounding (Record no. 61606)

MARC details
000 -LEADER
fixed length control field 00309nam a2200121Ia 4500
100 ## - MAIN ENTRY--AUTHOR NAME
Personal name Sangtani S B
245 #0 - TITLE STATEMENT
Title Introduction to practical rubber compounding
260 ## - PUBLICATION, DISTRIBUTION, ETC. (IMPRINT)
Name of publisher Rubber India
Year of publication 1997
300 ## - PHYSICAL DESCRIPTION
Number of Pages 41-46
650 ## - SUBJECT ADDED ENTRY--TOPICAL TERM
Topical Term Rubber compounding
942 ## - ADDED ENTRY ELEMENTS (KOHA)
Koha item type Journals
Holdings
Withdrawn status Lost status Damaged status Not for loan Home library Current library Shelving location Date acquired Serial Enumeration / chronology Koha item type
      Journals RRII Library RRII Library Rubber chemistry 17/12/2021 Volume 49, Issue 2 Journals